| 000 | 01295nam a22001457a 4500 | ||
|---|---|---|---|
| 999 |
_c531373 _d531373 |
||
| 008 | 250822b ||||| |||| 00| 0 eng d | ||
| 100 |
_aDevi, P.S. and Sudarsan, P.K. _956280 |
||
| 245 | _aMigration for business: A case study of goa | ||
| 260 | _aVikalpa: The Journal for Decision Makers | ||
| 300 | _a50(2), Apr-Jun, 2025: p.140-154 | ||
| 520 | _aGoa is a popular destination for migrants from other states. However, according to Census 2011, migration for business comprises only 2.7% of all migration. Using Census data, this study seeks to identify the factors that determine business migration to Goa. It is found that while the size of population of the home state positively influences outmigration, distance has a dampening effect, though its importance as a deterrent is declining over time. The variables of literacy and GSDP do not exert much influence on the volume of migration. A field study conducted to gain insights into the experiences of the business migrant community in Goa shows that most of the respondents have a favourable opinion about Goa, with very few cases of discrimination and abuse. - Reproduced | ||
| 650 |
_aBusiness Migrants, Outmigration, Gravity model, framework, remittances _956281 |
||
| 773 | _0Vikalpa: The Journal for Decision Makers | ||
| 942 | _cAR | ||